Advances in agronomy (Record no. 15124)
[ view plain ]
| 000 -LEADER | |
|---|---|
| fixed length control field | 00457cas a2200181 4500 |
| 022 0# - INTERNATIONAL STANDARD SERIAL NUMBER | |
| ISSN | 0065-2113 |
| 040 ## - CATALOGING SOURCE | |
| Transcribing agency | DLC |
| 082 ## - DEWEY DECIMAL CLASSIFICATION NUMBER | |
| Classification number | 631 BRA 1987 A055 Or. |
| 245 00 - TITLE STATEMENT | |
| Title | Advances in agronomy |
| 260 ## - PUBLICATION, DISTRIBUTION, ETC. (IMPRINT) | |
| Place of publication | New York, |
| Name of publisher | Academic Press, |
| 300 ## - PHYSICAL DESCRIPTION | |
| Number of Pages | v. |
| Other physical details | ill. |
| Dimensions | 24 cm |
| 500 ## - GENERAL NOTE | |
| General note | Editor: v. 1- A. G. Norman |
| 650 #0 - SUBJECT ADDED ENTRY--TOPICAL TERM | |
| Topical Term | Agriculture |
| 650 #0 - SUBJECT ADDED ENTRY--TOPICAL TERM | |
| Topical Term | Agriculture |
| 700 1# - ADDED ENTRY--PERSONAL NAME | |
| Personal name | Norman, Arthur Geoffrey, |
| 710 2# - ADDED ENTRY--CORPORATE NAME | |
| Corporate name or jurisdiction name as entry element | American Society of Agronomy |
| 942 ## - ADDED ENTRY ELEMENTS (KOHA) | |
| Koha item type | សៀវភៅភាសាអង់គ្លេស |
| 952 ## - LOCATION AND ITEM INFORMATION (KOHA) | |
| Withdrawn status [LOCAL, KOHA] | 0 |
| Permanent Location | Date acquired | Koha item type | Lost status | Shelving location | Barcode | Current Location | Full call number |
|---|---|---|---|---|---|---|---|
| Library Block A | 2017-11-10 | សៀវភៅភាសាអង់គ្លេស | A055 | A21491 | Library Block A | 631 BRA 1987 A055 Or. |